000 00509nam a2200193Ia 4500
005 20240823050125.0
008 240823s9999||||xx |||||||||||||| ||und||
020 _a9978-81-7758-957-3
041 _aENGLISH
082 _A547.0028 Q2
100 _aBrian S Furniss et al.
245 0 _aVogels Textbook of Practical Organic Chemistry
250 _a5th
260 _c2012
_bPearson Education Internat
500 _aTRANSFERED
650 _aorganic chemistry
_bChemistry
942 _cBK
999 _c216533
_d216533